Normal view
MARC view
Entry Topical Term
001 - CONTROL NUMBER
- control field: 12987
003 - CONTROL NUMBER IDENTIFIER
- control field: ARRUPE
005 - DATE AND TIME OF LATEST TRANSACTION
- control field: 20141202143904.0
008 - FIXED-LENGTH DATA ELEMENTS
- fixed length control field: 141202|| aca||aabn | a|a d
040 ## - CATALOGING SOURCE
- Original cataloging agency: ARRUPE
- Transcribing agency: ARRUPE
150 ## - HEADING--TOPICAL TERM
- Topical term or geographic name as entry element: Auditing.
670 ## - SOURCE DATA FOUND
- Source citation: Work cat.: (ARRUPE)0: Mautz, R. K. (Robert Kuhn), 1915-2002. 12986, The philosophy of auditing,, 1961.